| 000 | 00793nam a2200217Ia 4500 | ||
|---|---|---|---|
| 003 | GCL | ||
| 008 | 140319s9999 xx 000 0 ara d | ||
| 040 |
_aGCL / _cGCL |
||
| 082 | 0 | 4 |
_aق _b382.4135 _bى ق |
| 100 | 1 | _aعاصم محروس عبدالمطلب | |
| 245 | 1 | 0 |
_aالقطن فىالعلاقات المصريةالبريطانيةمن واقع اوراق الهيئةالنيابيةالسابقة 1942-1938 / _cعاصم محروس عبدالمطلب |
| 260 |
_a[S.N] : _bالهيئة المصرية العامة للكتاب ، _c1993 |
||
| 300 | _a186 ص | ||
| 490 |
_aمصر النهضة _v0 |
||
| 650 | 0 | 4 | _aالعصر الحديث |
| 650 | 0 | 4 | _aمصر |
| 650 | 0 | 4 | _aتاريخ |
| 650 | 0 | 4 | _aالعلاقات الاقتصادية |
| 650 | 0 | 4 | _aالقطن |
| 942 |
_2ddc _cBK |
||
| 999 |
_c36297 _d36297 |
||